|
|
|
|
| LEADER |
00000nam a2200000 a 4500 |
| 001 |
vtls008348561 |
| 003 |
SK-MaSNL |
| 005 |
20260301123250.0 |
| 008 |
190102s1975 xo 000 slo |
| 015 |
|
|
|a SKSNBA1975/08-01932
|
| 035 |
|
|
|a SK01SNK19750040778
|
| 035 |
|
|
|a SKM000043241
|
| 040 |
|
|
|a SNK
|b slo
|c SNK
|e AACR2
|
| 041 |
1 |
|
|a slo
|
| 044 |
|
|
|a xo
|c SK
|
| 080 |
|
|
|a 373.5/.6:371.671:006"1975/1976"(083.81)
|2 1981
|
| 080 |
|
|
|a 006:371.671:373.5/.6"1975/1976"(083.81)
|2 1981
|
| 080 |
|
|
|a 371.671(083.81)
|2 1981
|
| 100 |
1 |
|
|a Špačková, Terézia
|4 aut
|9 61086
|
| 245 |
1 |
0 |
|a Norma učebníc a učebných textov pre stredné odborné školy
|b školský rok 1975/76 : skupina študijných odborov 53-zdravotníctvo
|c vyprac.: Terézia Špačková
|
| 260 |
|
|
|a Bratislava
|b SPN
|b Ústav školských informácií
|c 1975
|e Bratislava
|f [Západoslovenské tlačiarne]
|
| 300 |
|
|
|a 19 s.
|c 4°
|
| 500 |
|
|
|a Vyd. Ústav školských informácií, Bratislava
|
| 650 |
0 |
7 |
|a učebnice
|x školy zdravotnícke
|y šk.r. 1975-1976
|x normy
|2 SNK
|9 470010
|
| 655 |
|
7 |
|a knihy
|2 SNKPH
|9 307098
|
| 655 |
|
7 |
|a normy
|2 SNKPH
|9 70643
|
| 852 |
|
|
|a Slovenská národná knižnica v Martine
|b 10000
|h SB 22411
|
| 852 |
|
|
|a Slovenská národná knižnica v Martine
|b 10000
|h SB 22411 D1
|
| 958 |
|
|
|a OND
|
| 958 |
|
|
|a TL
|
| 958 |
|
|
|a RK
|
| 958 |
|
|
|a BQ
|
| 999 |
|
|
|c 735613
|d 737543
|
| 952 |
|
|
|a SNK
|b SNK
|y VYP
|7 0
|p 17A0512108
|o snkSB 22411 D1
|i snkKSP 5235/75
|0 0
|1 0
|4 0
|d 2006-06-02
|l 0
|r 2026-02-23 22:43:17
|w 2026-02-23
|
| 952 |
|
|
|a SNK
|b SNK
|y PREZ
|7 0
|p 17A0924210
|o snkSB 22411
|0 0
|1 0
|4 0
|d 2012-07-24
|f 1
|l 0
|r 2025-03-26 00:00:00
|w 2026-02-23
|